000 00323nam a2200121Ia 4500
008 210430s9999 xx 000 0 und d
082 _a620.11 A834T
100 _aAskeland Donald R
_914727
245 4 _aThe Science And Engineering Of Materials
_cAskeland Donald R
260 _c1994
300 _a812p.
942 _cBK
_2ddc
999 _c565904
_d565904